000 00480nam a22001697a 4500
003 OSt
005 20260422012838.0
008 260422b |||||||| |||| 00| 0 eng d
020 _a0-8146-5262-x
040 _aDWCL-Main lib
_cOC
082 _aCirc. 221 B63j 1982
100 _aBoadt, Lawrence
245 _aJeremiah 1-25/
_cBoadt, Lawrence
260 _aPhilippines :
_bA Michael Glazier book,
_cc1982.
300 _axxviii 213 p. ;
_c21 cm.
942 _2ddc
_cBK-CIRC
_hCirc.
_n0
999 _c9640
_d9640